00000000nam 2200000zi 4500
0019.931034
003CaOODSP
00520241121105246
006m     o  d f      
007cr mn|||||||||
008231130t20242024onc     o    f000 0 fre d
020 |a9780660691374
040 |aCaOODSP|bfre|erda|cCaOODSP
0861 |aM134-46/2023F-PDF
24500|aPolitiques en matière de bioénergie.
264 1|a[Ottawa] : |bRessources naturelles Canada = Natural Resources Canada, |c[2024]
264 4|c©2024
300 |a1 ressource en ligne (3 pages non numérotées)
336 |atexte|btxt|2rdacontent/fre
337 |ainformatique|bc|2rdamedia/fre
338 |aressource en ligne|bcr|2rdacarrier/fre
500 |aPublié aussi en anglais sous le titre : Bioenergy policies.
650 6|aBioénergie|xPolitique gouvernementale.
7101 |aCanada. |bRessources naturelles Canada, |eorganisme de publication.
77508|tBioenergy policies.|w(CaOODSP)9.931033
85640|qPDF|s1.03 Mo|uhttps://publications.gc.ca/collections/collection_2024/rncan-nrcan/M134-46-2023-fra.pdf